Velká kniha her pro děti : logické uvažování - bleskové výpočty - strategické myšlení /

Main Author: Tinarelli, Beatrice, 1978-
Other Authors: Šindelka, Jan, 1980-
Language: Czech
Published: Praha : Euromedia Group, a.s., 2020
Edition: Vydání první
Series: Pikola (Euromedia)
Subjects:
Physical Description: 20 nečíslovaných stran : barevné ilustrace ; 36 cm
Book
Saved in:
LEADER 02490nam a2200661 i 4500
001 nkc20203198986
003 CZ PrNK
005 20201124082107.0
007 ta
008 200330s2020 xr a b 000 0 cze
015 |a cnb003198986 
020 |a 978-80-242-6669-5  |q (vázáno) :  |c Kč 299,00 
035 |a (OCoLC)1226360545 
040 |a ABA001  |b cze  |e rda 
041 1 |a cze  |h eng 
072 7 |a 794  |x Deskové a stolní hry, logické hry, hry zručnosti  |2 Konspekt  |9 20 
072 7 |a 0/9-053.2  |x Literatura pro děti a mládež (naučná)  |2 Konspekt  |9 26 
080 |a 794  |2 MRF 
080 |a 793.7-021.432  |2 MRF 
080 |a 51-8  |2 MRF 
080 |a (0.029)794  |2 MRF 
080 |a (0.053.2)  |2 MRF 
080 |a (0.025.2)  |2 MRF 
100 1 |a Tinarelli, Beatrice,  |d 1978-  |7 jo20221139748  |4 aut 
240 1 0 |a Big book of brain games.  |l Česky 
245 1 0 |a Velká kniha her pro děti :  |b logické uvažování - bleskové výpočty - strategické myšlení /  |c Beatrice Tinarelli ; z anglického originálu The big book of brain games ... přeložil Jan Šindelka 
250 |a Vydání první 
264 1 |a Praha :  |b Euromedia Group, a.s.,  |c 2020 
300 |a 20 nečíslovaných stran :  |b barevné ilustrace ;  |c 36 cm 
336 |a text  |b txt  |2 rdacontent 
336 |a statický obraz  |b sti  |2 rdacontent 
337 |a bez média  |b n  |2 rdamedia 
338 |a svazek  |b nc  |2 rdacarrier 
490 1 |a Pikola 
500 |a Kartonové listy 
500 |a Součástí knihy figurky, žetony a hrací kostka jako vylamovánky na zadním přídeští 
521 8 |a Pro děti od 6 let 
650 0 7 |a stolní hry  |7 ph126114  |2 czenas 
650 0 7 |a deskové hry  |7 ph114304  |2 czenas 
650 0 7 |a logické hry  |7 ph722847  |2 czenas 
650 0 7 |a matematické hry  |7 ph122674  |2 czenas 
650 0 9 |a parlor games  |2 eczenas 
650 0 9 |a board games  |2 eczenas 
650 0 9 |a logic puzzle games  |2 eczenas 
650 0 9 |a mathematical recreations  |2 eczenas 
655 7 |a hry  |7 fd133187  |2 czenas 
655 7 |a publikace pro děti  |7 fd133156  |2 czenas 
655 7 |a leporela  |7 fd132727  |2 czenas 
655 9 |a games  |2 eczenas 
655 9 |a children's literature  |2 eczenas 
655 9 |a folding picture-books  |2 eczenas 
700 1 |a Šindelka, Jan,  |d 1980-  |7 xx0133111  |4 trl 
830 0 |a Pikola (Euromedia)  |0 s 
910 2 |a BOA001  |b 5-1454.965 
990 |a BK 
995 |a 01 
991 |b 202011  |c NOV 
996 6 |b 2610843294  |c 5-1454.965  |l MZK  |r Sklad / do 24 hodin  |n 0  |p p.v.  |w 001832976  |u 000010  |a 1  |e BOA001  |j MZK50  |s P